MARC details
| 000 -LÍDER |
| campo de controle de tamanho fixo |
01468naa a22003857a 4500 |
| 001 - NÚMERO DE CONTROLE |
| campo de controle |
BR6010100 |
| 003 - IDENTIFICADOR DO NÚMERO DE CONTROLE |
| campo de controle |
BR-BrBNA |
| 005 - DATA E HORÁRIO DA ÚLTIMA TRANSAÇÃO |
| campo de controle |
20240918173145.0 |
| 007 - CAMPO FIXO DE DESCRIÇÃO FÍSICA--INFORMAÇÃO GERAL |
| campo de controle de tamanho fixo |
ta |
| 008 - CAMPO DE DADOS FIXOS--INFORMAÇÃO GERAL |
| campo de controle de tamanho fixo |
230509b bl.||||| |||| 00| 0 por d |
| 040 ## - FONTE DA CATALOGAÇÃO |
| Instituição da catalogação original |
BR-BrBNA |
| Idioma da catalogação |
por |
| Instituição que transcreveu o registro |
Biblioteca Nacional de Agricultura |
| 041 ## - CÓDIGO DE IDIOMA |
| Código do idioma do texto/trilha sonora ou título diferente |
(Pt) |
| 072 ## - CÓDIGO DE CATEGORIA DE ASSUNTO |
| Código de Categoria de Assunto |
L00; Q10; E70 |
| Código do objeto |
5212 |
| -- |
9715 |
| -- |
G514 |
| 090 ## - NÚMERO DE CHAMADA LOCAL |
| Número de chamada |
L00 BR6010100 |
| 110 1# - ENTRADA PRINCIPAL--NOME CORPORATIVO |
| Nome corporativo ou nome da jurisdição |
Sindicato dos Invernistas e Criadores de Gado em Barretos, SP (Brasil) |
| 9 (RLIN) |
9520 |
| 111 1# - ENTRADA PRINCIPAL--NOME DO EVENTO |
| Nome do evento ou lugar |
1. Congresso Pecuario do Brasil Central |
| Local do evento |
Barretos, SP (Brazil) |
| Data do evento ou assinatura do tratado |
18 Apr 1941 |
| 245 1# - TÍTULO |
| Título |
O exercicio da atividade de criacao, recriacao e engorda de gado bovino pelas empresas frigorificas [Bos taurus; Brasil] |
| 260 3# - PUBLICAÇÃO, DISTRIBUIÇÃO, ETC. |
| Local de publicação, distribuição, etc. |
Sao Paulo, SP (Brasil): |
| Nome do editor, distribuidor, etc. |
Sociedade Impressora Brasileira - Brusco, |
| Data da publicação, distribuição, etc. |
1942. |
| 500 ## - NOTA GERAL |
| Nota geral |
Anais do 1. Congresso Pecuario do Brasil Central<br/>Sao Paulo, SP (Brasil): Sociedade Impressora Brasileira - Brusco, 1942. p. 101-117<br/>(BR6010100-AM)L00<br/> |
| 650 ## - ASSUNTO--TERMO TÓPICO |
| Cabeçalho tópico ou nome geográfico |
Producao animal |
| 650 ## - ASSUNTO--TERMO TÓPICO |
| Cabeçalho tópico ou nome geográfico |
Tecnologia de alimento |
| 650 ## - ASSUNTO--TERMO TÓPICO |
| Cabeçalho tópico ou nome geográfico |
Comercializacao |
| 650 ## - ASSUNTO--TERMO TÓPICO |
| Cabeçalho tópico ou nome geográfico |
Bovino |
| 650 ## - ASSUNTO--TERMO TÓPICO |
| Cabeçalho tópico ou nome geográfico |
Gado de corte |
| 650 ## - ASSUNTO--TERMO TÓPICO |
| Cabeçalho tópico ou nome geográfico |
Carne congelada |
| 650 ## - ASSUNTO--TERMO TÓPICO |
| Cabeçalho tópico ou nome geográfico |
Frigorifico |
| 650 ## - ASSUNTO--TERMO TÓPICO |
| Cabeçalho tópico ou nome geográfico |
Engorda |
| 650 ## - ASSUNTO--TERMO TÓPICO |
| Cabeçalho tópico ou nome geográfico |
Abate |
| 650 ## - ASSUNTO--TERMO TÓPICO |
| Cabeçalho tópico ou nome geográfico |
Mercado |
| 650 ## - ASSUNTO--TERMO TÓPICO |
| Cabeçalho tópico ou nome geográfico |
Preco |
| 650 ## - ASSUNTO--TERMO TÓPICO |
| Cabeçalho tópico ou nome geográfico |
Exportacao |
| 773 0# - ENTRADA ANALÍTICA |
| Título |
Anais do 1. Congresso Pecuario do Brasil Central |
| Número de controle do registro |
L00 BR6010100 |
| Partes relacionadas |
Sao Paulo, SP (Brasil), 1942. p. 101-117 |
| 909 ## - |
| -- |
202404 |
| -- |
Lucia |
| -- |
55 |
| -- |
Lucia Elande |
| 942 ## - ELEMENTOS DE ENTRADA ADICIONADOS (KOHA) |
| Tipo de material Koha |
Capítulo-Livro |
| Fonte da classificação ou esquema de arquivamento na estante |
Classificação AGRIS |